Normal view
MARC view
- Landor, Arnold Henry Savage
Entry Personal Name
001 - CONTROL NUMBER
- control field: 49998
003 - CONTROL NUMBER IDENTIFIER
- control field: NUST
005 - DATE AND TIME OF LATEST TRANSACTION
- control field: 20210314134511.0
008 - FIXED-LENGTH DATA ELEMENTS
- fixed length control field: 210314|| aca||aabn | a|a d
040 ## - CATALOGING SOURCE
- Original cataloging agency: NUST
- Transcribing agency: NUST
100 ## - HEADING--PERSONAL NAME
- Personal name: Landor, Arnold Henry Savage
670 ## - SOURCE DATA FOUND
- Source citation: Work cat.: (NUST): Landor, Arnold Henry Savage,, China and the allies, 1901.
